[Event "34. Kieler Open 2022"]
[Site "Kiel"]
[Date "2022.08.05"]
[Round "9.58"]
[White "Malinowsky, Celina"]
[Black "Sauer, Ben"]
[Result "1-0"]
[WhiteElo "1519"]
[BlackElo "1254"]
[PlyCount "107"]
[EventDate "2022.??.??"]

1. e4 c5 2. Nc3 Nc6 3. Bc4 a6 4. a4 e6 5. d3 g6 6. f4 Nge7 7. Nf3 d5 8. Ba2 Bg7
9. O-O O-O 10. Qe1 b6 11. Qh4 Nd4 12. f5 exf5 13. Bh6 Nxf3+ 14. Rxf3 fxe4 15.
dxe4 dxe4 16. Bxg7 Kxg7 17. Qf6+ Kg8 18. Bxf7+ Rxf7 19. Qxf7+ Kh8 20. Qf6+ Kg8
21. Nxe4 Bf5 22. Nd6 Qf8 23. Qxf8+ Rxf8 24. Re1 Nc6 25. Nxf5 gxf5 26. c3 Rf6
27. Kf2 Na5 28. Rf4 Nb3 29. g4 Nd2 30. gxf5 Kf7 31. Rd1 Nb3 32. Rd7+ Ke8 33.
Rxh7 Rd6 34. Re4+ Kf8 35. Re6 Rxe6 36. fxe6 Nd2 37. Rb7 Nc4 38. b3 Ne5 39. Rxb6
Ke7 40. Rxa6 Ng6 41. b4 cxb4 42. cxb4 Nf4 43. b5 Nxe6 44. Rxe6+ Kxe6 45. h4 Ke7
46. h5 Ke6 47. h6 Kf6 48. b6 Kg6 49. b7 Kh7 50. b8=Q Kxh6 51. Qg8 Kh5 52. Kf3
Kh6 53. Kf4 Kh5 54. Qg5# 1-0

[Event "34. Kieler Open 2022"]
[Site "Kiel"]
[Date "2022.08.05"]
[Round "9.59"]
[White "Schacht, David"]
[Black "Eitel, Luc"]
[Result "1/2-1/2"]
[WhiteElo "1517"]
[BlackElo "1163"]
[PlyCount "73"]
[EventDate "2022.??.??"]

1. e4 c5 2. Nc3 e6 3. f4 a6 4. Nf3 Nc6 5. d3 g6 6. Be2 Bg7 7. O-O Nge7 8. Qe1
O-O 9. Qh4 d5 10. f5 exf5 11. Bh6 f6 12. Rae1 dxe4 13. dxe4 fxe4 14. Bc4+ Kh8
15. Bxg7+ Kxg7 16. Nxe4 Qb6 17. Nfd2 Bf5 18. g4 Bxe4 19. Rxe4 Qxb2 20. Rfe1
Rae8 21. Nb3 b5 22. Nxc5 Kh8 23. Nd7 bxc4 24. Nxf8 Rxf8 25. Qh6 Qb6+ 26. Kf1
Qd8 27. Rxc4 Ng8 28. Qe3 Ne5 29. Rd4 Qa8 30. Qf2 Qh1+ 31. Ke2 Qc6 32. Rd2 Qc4+
33. Kd1 Qxg4+ 34. Qe2 Qb4 35. Rd5 Qb1+ 36. Kd2 Qb4+ 37. Kd1 1/2-1/2

[Event "34. Kieler Open 2022"]
[Site "Kiel"]
[Date "2022.08.05"]
[Round "9.60"]
[White "Dotschuweit, Erik"]
[Black "Schroeder, Jakob"]
[Result "1-0"]
[WhiteElo "1393"]
[BlackElo "906"]
[PlyCount "39"]
[EventDate "2022.??.??"]

1. e4 e6 2. d4 d5 3. Nc3 Nc6 4. Nf3 Bb4 5. Bd3 dxe4 6. Bxe4 Bd7 7. O-O Nf6 8.
Bg5 h6 9. Bh4 g5 10. Bg3 Bxc3 11. Bxc6 Bxc6 12. bxc3 Bxf3 13. Qxf3 Nd5 14. c4
Nb6 15. Qxb7 Qc8 16. Qf3 Rb8 17. Rfe1 Qb7 18. Qxb7 Rxb7 19. Rab1 Rb8 20. Bxc7
1-0

[Event "34. Kieler Open 2022"]
[Site "Kiel"]
[Date "2022.08.05"]
[Round "9.61"]
[White "Farokhi, Darian"]
[Black "Wahle, Diane"]
[Result "1-0"]
[WhiteElo "1384"]
[BlackElo "816"]
[PlyCount "45"]
[EventDate "2022.??.??"]

1. e4 e5 2. Nf3 Nc6 3. Bc4 Bc5 4. c3 Nf6 5. d3 d6 6. a4 O-O 7. b4 Bb6 8. a5
Bxf2+ 9. Kxf2 Ng4+ 10. Ke2 Ne7 11. Bg5 Qd7 12. h3 Ng6 13. hxg4 Qxg4 14. Kf2 b6
15. Be3 Bb7 16. Rxh7 Kxh7 17. Ng5+ Qxg5 18. Bxg5 Kg8 19. Qh5 Rfc8 20. Qxg6 d5
21. Qh5 dxc4 22. Nd2 Kf8 23. Qh8# 1-0

[Event "34. Kieler Open 2022"]
[Site "Kiel"]
[Date "2022.08.05"]
[Round "9.63"]
[White "Wartenberg, Julian"]
[Black "Pollerberg, Amelie"]
[Result "0-1"]
[WhiteElo "1540"]
[BlackElo "1252"]
[PlyCount "22"]
[EventDate "2022.??.??"]

1. e4 c5 2. Nf3 Nc6 3. d4 cxd4 4. Nxd4 e5 5. Nb3 Nf6 6. f3 d5 7. exd5 Nxd5 8.
Bb5 Qh4+ 9. Kf1 Be6 10. Bd2 O-O-O 11. Bxc6 Ne3+ 0-1

[Event "34. Kieler Open 2022"]
[Site "Kiel"]
[Date "2022.08.05"]
[Round "9.66"]
[White "Aguike, Chidera"]
[Black "Peglau, Lorena"]
[Result "1-0"]
[WhiteElo "1267"]
[BlackElo "1207"]
[PlyCount "49"]
[EventDate "2022.??.??"]

1. e4 c6 2. d4 d5 3. exd5 cxd5 4. Nf3 Nc6 5. Bf4 Bf5 6. Nc3 Nf6 7. Bb5 e6 8.
Ne5 Qb6 9. Rb1 Rc8 10. O-O Be7 11. Re1 O-O 12. Bxc6 bxc6 13. Bg5 Rfd8 14. Nf3
c5 15. Nh4 cxd4 16. Nxf5 exf5 17. Rxe7 dxc3 18. bxc3 Qa5 19. Bxf6 gxf6 20. g3
Rxc3 21. Qh5 Rf8 22. Rbb7 Qa3 23. Rxf7 Qc1+ 24. Kg2 Qg5 25. Qxh7# 1-0

[Event "34. Kieler Open 2022"]
[Site "Kiel"]
[Date "2022.08.05"]
[Round "9.68"]
[White "Tran, Hanna Emilie Mai Hoa"]
[Black "Sonnenberg, Andre"]
[Result "1-0"]
[WhiteElo "1260"]
[BlackElo "1341"]
[PlyCount "106"]
[EventDate "2022.??.??"]

1. e4 c6 2. d4 d5 3. Nc3 dxe4 4. Nxe4 Bf5 5. Ng3 Bg6 6. Nf3 Nd7 7. Bf4 e6 8.
Bd3 Bxd3 9. Qxd3 Ngf6 10. O-O Be7 11. Rad1 O-O 12. Rfe1 Nd5 13. Bd2 Re8 14. Ne4
Nb4 15. Bxb4 Bxb4 16. c3 Be7 17. Qc2 h6 18. Qb3 Qc7 19. c4 Rab8 20. d5 exd5 21.
cxd5 cxd5 22. Qxd5 Nb6 23. Qb3 Rbd8 24. Qc3 Qxc3 25. Nxc3 Rxd1 26. Rxd1 Bf6 27.
Rd3 g5 28. h3 Kf8 29. b3 a6 30. Nd5 Nxd5 31. Rxd5 Re7 32. Kf1 Bc3 33. Rc5 Bf6
34. Rc8+ Kg7 35. Rc4 Kg6 36. h4 gxh4 37. Nxh4+ Bxh4 38. Rxh4 h5 39. g4 hxg4 40.
Rxg4+ Kf5 41. Rg3 Rc7 42. a4 Re7 43. Rc3 Kf6 44. Kg2 Ke6 45. Kf3 Kd6 46. Kg4
Re5 47. f4 Re7 48. Rd3+ Kc5 49. f5 Kb4 50. Kg5 Kc5 51. Kf6 Rc7 52. Rc3+ Kd6 53.
Rxc7 Kxc7 1-0

[Event "34. Kieler Open 2022"]
[Site "Kiel"]
[Date "2022.08.05"]
[Round "9.69"]
[White "Tabakh, Najat"]
[Black "Christiansen, Jana-Marie"]
[Result "1-0"]
[WhiteElo "1313"]
[BlackElo "1128"]
[PlyCount "75"]
[EventDate "2022.??.??"]

1. e4 e6 2. d4 d5 3. e5 c5 4. c3 Nc6 5. Bb5 Bd7 6. Be3 b6 7. Nf3 Be7 8. Qe2 f6
9. Bf4 Na5 10. Bxd7+ Qxd7 11. O-O Nc6 12. Re1 fxe5 13. Nxe5 Nxe5 14. Bxe5 Nf6
15. Nd2 O-O 16. Nf3 h6 17. Nh4 Qe8 18. Qd3 Ne4 19. Bg3 Qf7 20. Re2 Qh5 21. Nf3
Rf7 22. Rf1 Nxg3 23. hxg3 Rf6 24. Rfe1 Kf7 25. Ne5+ Ke8 26. Nc6 Kd7 27. Nxe7
Kxe7 28. Qa6 Kd6 29. dxc5+ Kxc5 30. Qa3+ Kc6 31. Rxe6+ Rxe6 32. Rxe6+ Kb7 33.
Qe7+ Ka6 34. Re1 g5 35. a4 Qg6 36. Qd7 Qc2 37. Qb5+ Kb7 38. Re7+ 1-0

[Event "34. Kieler Open 2022"]
[Site "Kiel"]
[Date "2022.08.05"]
[Round "9.71"]
[White "Graf, Yvonne"]
[Black "Tabakh, Tassnim"]
[Result "1/2-1/2"]
[WhiteElo "1390"]
[BlackElo "1241"]
[PlyCount "55"]
[EventDate "2022.??.??"]

1. e4 c6 2. d4 d5 3. exd5 cxd5 4. Bd3 Nc6 5. c3 Bd7 6. Bf4 Nf6 7. Nf3 e6 8. O-O
Be7 9. Nbd2 Nh5 10. Be3 h6 11. Ne5 Nf6 12. Ndf3 g5 13. Re1 Qc7 14. c4 dxc4 15.
Bxc4 Bd6 16. Nxc6 Bxc6 17. Rc1 O-O 18. h3 Bb4 19. Bd2 Bxf3 20. gxf3 Bxd2 21.
Qxd2 Qd6 22. Re5 Rae8 23. Rxg5+ Kh8 24. Re5 Nh7 25. Qxh6 Rg8+ 26. Kh1 Rg6 27.
Qf4 Reg8 28. Qxf7 1/2-1/2

[Event "34. Kieler Open 2022"]
[Site "Kiel"]
[Date "2022.08.05"]
[Round "9.72"]
[White "Emlinger, Maximilian"]
[Black "Hemmerling, Dominik"]
[Result "1/2-1/2"]
[WhiteElo "1358"]
[BlackElo "993"]
[PlyCount "79"]
[EventDate "2022.??.??"]

1. d4 e6 2. c4 d5 3. Nf3 Nf6 4. Bg5 c6 5. e3 Bd6 6. Nc3 O-O 7. Bd3 h6 8. Bh4
Re8 9. Qc2 e5 10. dxe5 Bxe5 11. Nxe5 Rxe5 12. O-O Nbd7 13. Rad1 Nb6 14. cxd5
Nbxd5 15. Bc4 Qd6 16. Bg3 Bg4 17. Rd2 b5 18. Bxe5 Qxe5 19. Bxd5 Nxd5 20. Nxd5
cxd5 21. Qc6 Rc8 22. Qxd5 Qe8 23. Qd4 Be6 24. a3 Bc4 25. Rfd1 a5 26. Qb6 Rc6
27. Qxa5 Kh7 28. Qd8 Qe4 29. Qd4 Qe6 30. h3 Bb3 31. Re1 Rc4 32. Qd6 Qc8 33. Kh2
Rc6 34. Qd3+ g6 35. Qxb3 Qc7+ 36. g3 Rf6 37. Qd5 Qa5 38. Kg2 Rf5 39. Qe4 Qxd2
40. Rf1 1/2-1/2

[Event "34. Kieler Open 2022"]
[Site "Kiel"]
[Date "2022.08.05"]
[Round "9.73"]
[White "Hock, Reiner"]
[Black "Mueller, Ariana"]
[Result "1-0"]
[WhiteElo "1311"]
[BlackElo "975"]
[PlyCount "107"]
[EventDate "2022.??.??"]

1. d4 d5 2. Nf3 Nc6 3. h3 Nf6 4. c3 Bf5 5. Bf4 e6 6. e3 Bd6 7. Bb5 Bxf4 8. exf4
Qd6 9. Ne5 O-O 10. Bd3 Be4 11. O-O Bxd3 12. Qxd3 Nh5 13. Qf3 Nf6 14. Nd2 Nd7
15. Qh5 Ncxe5 16. fxe5 Qa6 17. Nf3 Qb5 18. Rab1 Qa6 19. a3 Qd3 20. Rfd1 Qe2 21.
Qg5 Rfe8 {(=)} 22. Re1 Qd3 23. Qd2 Qf5 24. Qe3 Nf8 25. h4 Ng6 26. g3 Qg4 27.
Kg2 f5 28. Nh2 Nxh4+ 29. Kh1 Qe4+ 30. Qxe4 fxe4 31. gxh4 Rf8 32. Rf1 Rf4 33. h5
Rh4 34. Kg2 Rxh5 35. f4 Rf8 36. Rf2 Rhf5 37. Rbf1 e3 38. Re2 Rxf4 39. Rxf4 Rxf4
40. Rxe3 h5 41. Rf3 Re4 42. a4 g5 43. Nf1 g4 44. Re3 Rf4 45. Ng3 h4 46. Ne2 Rf7
47. b3 Kh7 48. c4 Kh6 49. c5 Kg5 50. Ng1 Kf4 51. Re2 g3 52. Rc2 Rh7 53. Nh3+
Ke4 54. Ng5+ 1-0